| 000 | 00949cam a22003137a 4500 | ||
|---|---|---|---|
| 003 | CHAP | ||
| 005 | 20220329134252.0 | ||
| 008 | 971013s1978 r 00010 d | ||
| 010 | _a17878 | ||
| 011 | _a18850 | ||
| 035 | _a22935 | ||
| 040 | _cCHAP | ||
| 090 | _aFolleto 6241 | ||
| 100 | 0 | 0 |
_aBlanco Macías, Gonzalo. _913085 |
| 245 | 1 | 4 | _aLos sofismas de la tractorización agrícola |
| 260 |
_a(s.l.) : _b(s.e.), _c(1978) |
||
| 300 | _a6 h. | ||
| 590 |
_aBATCH-UPD _b10 _c20130110 _lUCH01 _h0214 |
||
| 590 |
_aBATCH-UPD _b10 _c20130110 _lUCH01 _h1846 |
||
| 590 |
_aBATCH-UPD _b10 _c20130409 _lUCH01 _h2231 |
||
| 590 |
_aBATCH-UPD _b10 _c20130410 _lUCH01 _h1216 |
||
| 590 |
_aBATCH-UPD _b10 _c20130914 _lUCH01 _h0642 |
||
| 590 |
_aCONVERSION _b10 _c20130109 _lUCH01 _h1311 |
||
| 650 | 1 | 4 |
_aMecanización agrícola. _973801 |
| 650 | 1 | 4 |
_aTractores. _9114574 |
| 901 | _aBK | ||
| 942 | _cFOLL | ||
| 949 |
_aFolleto 6241 _bBC _cFOLL _d-53532 _eTS1 _i22935 _mD _si |
||
| 999 |
_c17878 _d17878 |
||